<?xml version="1.0" encoding="UTF-8"?>
<record
    xmlns:xsi="http://www.w3.org/2001/XMLSchema-instance"
    xsi:schemaLocation="http://www.loc.gov/MARC21/slim http://www.loc.gov/standards/marcxml/schema/MARC21slim.xsd"
    xmlns="http://www.loc.gov/MARC21/slim">

  <leader>03746nab a22006857  4500</leader>
  <controlfield tag="003">AR-RoUNA</controlfield>
  <datafield tag="022" ind1=" " ind2=" ">
    <subfield code="a">0327-9022</subfield>
  </datafield>
  <datafield tag="040" ind1=" " ind2=" ">
    <subfield code="a">AR-RoUNA</subfield>
    <subfield code="b">spa</subfield>
  </datafield>
  <datafield tag="041" ind1=" " ind2=" ">
    <subfield code="a">spa</subfield>
  </datafield>
  <datafield tag="044" ind1=" " ind2=" ">
    <subfield code="a">ag</subfield>
  </datafield>
  <datafield tag="245" ind1=" " ind2=" ">
    <subfield code="a">Summa+ / </subfield>
    <subfield code="b">Vivienda Colectiva - Usos Mixtos - Pieles - Densidad Media - Vivienda Social</subfield>
  </datafield>
  <datafield tag="260" ind1=" " ind2=" ">
    <subfield code="a">Buenos Aires ,</subfield>
    <subfield code="c">1993</subfield>
  </datafield>
  <datafield tag="300" ind1=" " ind2=" ">
    <subfield code="a">128 p. :</subfield>
    <subfield code="b">il. byn.</subfield>
    <subfield code="b">planos</subfield>
    <subfield code="c">34 X25 cm.</subfield>
  </datafield>
  <datafield tag="505" ind1="0" ind2=" ">
    <subfield code="t">INDICE</subfield>
  </datafield>
  <datafield tag="505" ind1="0" ind2=" ">
    <subfield code="t">ENFRENTANDO LA CIUDAD REAL</subfield>
  </datafield>
  <datafield tag="505" ind1="0" ind2=" ">
    <subfield code="a">Vigliecca &amp; Assoc / Residencial Parque Novo Santo Amaro V, San Pablo, Brasil, 2012. p. 4</subfield>
  </datafield>
  <datafield tag="505" ind1="0" ind2=" ">
    <subfield code="t">PERMA - CULTURA URBANA</subfield>
  </datafield>
  <datafield tag="505" ind1="0" ind2=" ">
    <subfield code="a">Teeple Architects INC. / 60 Richmond Housing CO-OP, Ontario, Canad&#xE1;, 2010. p. 12</subfield>
  </datafield>
  <datafield tag="505" ind1="0" ind2=" ">
    <subfield code="t">OJOS EN LA ESPALDA</subfield>
  </datafield>
  <datafield tag="505" ind1="0" ind2=" ">
    <subfield code="a">Terminal 01 (Kei Karaguchi + Keigo Miki) / Departamentos en Horie Park, Osaka, Jap&#xF3;n. p. 20</subfield>
  </datafield>
  <datafield tag="505" ind1="0" ind2=" ">
    <subfield code="t">CAJAS DE IDEAS</subfield>
  </datafield>
  <datafield tag="505" ind1="0" ind2=" ">
    <subfield code="a">Espinoza Carnaval CIA LTDA Arqs &amp; Ing. / Edificio 03 98, Loja, Ecuador, 2012. p. 26</subfield>
  </datafield>
  <datafield tag="505" ind1="0" ind2=" ">
    <subfield code="t">CINTA DIN&#xC1;MICA</subfield>
  </datafield>
  <datafield tag="505" ind1="0" ind2=" ">
    <subfield code="a">Jorge Hern&#xE1;ndez de la Garza / Smooth Building, Nuevo Le&#xF3;n, M&#xE9;xico, 2010. p. 34</subfield>
  </datafield>
  <datafield tag="505" ind1="0" ind2=" ">
    <subfield code="a">Diego Barajas y Camilo Garc&#xED;a / Cotidianeidades dom&#xE9;stico - productivo en Madrid. p. 40</subfield>
  </datafield>
  <datafield tag="505" ind1="0" ind2=" ">
    <subfield code="t">A TRAV&#xC9;S DE MIS PERSIANAS AMERICANAS</subfield>
  </datafield>
  <datafield tag="505" ind1="0" ind2=" ">
    <subfield code="a">Shigeru Ban Architects + Dean Maltz arq. / Casa de las persianas de metal, Nueva York, Estados Unidos, 2009. p. 50</subfield>
  </datafield>
  <datafield tag="505" ind1="0" ind2=" ">
    <subfield code="t">GAVETO DE PIEDRA M&#xD3;VIL</subfield>
  </datafield>
  <datafield tag="505" ind1="0" ind2=" ">
    <subfield code="a">Alberto de Souza Oliveira / Bloque de piedra de Lisboa, Portugal, 2011. p. 56</subfield>
  </datafield>
  <datafield tag="505" ind1="0" ind2=" ">
    <subfield code="t">PERFORACIONES VEGETALES Y FOLLAJE DE REMATE</subfield>
  </datafield>
  <datafield tag="505" ind1="0" ind2=" ">
    <subfield code="a">AT103 / TK139, D.F. M&#xE9;xico, 2012. p. 62</subfield>
  </datafield>
  <datafield tag="505" ind1="0" ind2=" ">
    <subfield code="t">EL HORMIG&#xD3;N ES NEGRO: EL ZINC, PERFORADO</subfield>
  </datafield>
  <datafield tag="505" ind1="0" ind2=" ">
    <subfield code="a">MWDM arq. S.C.P &amp; Vas arq. S.L.P / Edificio de 46 viviendas de protecci&#xF3;n oficial para gente mayor con servicios adjuntos y 212 plazas de aparcamiento, Barcelona, Espa&#xF1;a, 2009. p. 66</subfield>
  </datafield>
  <datafield tag="505" ind1="0" ind2=" ">
    <subfield code="t">&#xC9;L BAJ&#xD3; SU TOLDO MOTORIZADO</subfield>
  </datafield>
  <datafield tag="505" ind1="0" ind2=" ">
    <subfield code="a">Group 8 / Casa Coral, Ginebra, Suiza, 2011. p. 72</subfield>
  </datafield>
  <datafield tag="505" ind1="0" ind2=" ">
    <subfield code="a">David Heymann / Un mont&#xED;nculo en el bosque. p. 76</subfield>
  </datafield>
  <datafield tag="505" ind1="0" ind2=" ">
    <subfield code="t">TERRITORIOS DE EXCEPCI&#xD3;N: Transformaci&#xF3;n de la Torre Bdis-Le-Pr&#xE9;tre en el distrito 17 de Par&#xED;s. p. 84</subfield>
  </datafield>
  <datafield tag="505" ind1="0" ind2=" ">
    <subfield code="a">Frederic Druot, Anne Lacaton &amp; Jean Philippe Vassal, arqs. / Transformaci&#xF3;n de la Torre Bois-Le Pr&#xEB;tre; ampliaci&#xF3;n de cien departamentos existentes. p. 84</subfield>
  </datafield>
  <datafield tag="505" ind1="0" ind2=" ">
    <subfield code="t">CUATRO POR OCHO SESENTA Y SEIS</subfield>
  </datafield>
  <datafield tag="505" ind1="0" ind2=" ">
    <subfield code="a">Moca arq. / Edificio Holmberg, CABA, Argentina, 2012. p. 94</subfield>
  </datafield>
  <datafield tag="505" ind1="0" ind2=" ">
    <subfield code="t">QUEBRAR FACHADAS</subfield>
  </datafield>
  <datafield tag="505" ind1="0" ind2=" ">
    <subfield code="a">Silvana Parentella y Joaqu&#xED;n S&#xE1;nchez G&#xF3;mez / Edificio Campos Salles, 2011. p. 100</subfield>
  </datafield>
  <datafield tag="505" ind1="0" ind2=" ">
    <subfield code="t">DOBLE PATIO, USOS M&#xDA;LTIPLES</subfield>
  </datafield>
  <datafield tag="505" ind1="0" ind2=" ">
    <subfield code="a">B&#xE1;rbara Moyano Gacit&#xE1;u, Florencia Rausch y Susana Barra / Edificio Dos Patios, CABA, 2010. p. 104</subfield>
  </datafield>
  <datafield tag="505" ind1="0" ind2=" ">
    <subfield code="t">MIXTURA FINA</subfield>
  </datafield>
  <datafield tag="505" ind1="0" ind2=" ">
    <subfield code="a">Erlich - Paiva Studio A+I / Edificio Malabia 933 - F&#xE1;brica de chocolate, CABA, 2011. p. 108</subfield>
  </datafield>
  <datafield tag="505" ind1="0" ind2=" ">
    <subfield code="t">COMO PEQUE&#xD1;AS CASAS</subfield>
  </datafield>
  <datafield tag="505" ind1="0" ind2=" ">
    <subfield code="a">MVS Oficina de arquitectura - Fern&#xE1;n Goldin / Edificio Nu&#xF1;ez 3453, Saavedra, CABA, 2011. p. 112</subfield>
  </datafield>
  <datafield tag="505" ind1="0" ind2=" ">
    <subfield code="a">Igancio Ros de Olano / Quito en papel. p. 119</subfield>
  </datafield>
  <datafield tag="505" ind1="0" ind2=" ">
    <subfield code="a">Ruth Verde Zein / Le Corbusier y San Pablo. p. 120</subfield>
  </datafield>
  <datafield tag="505" ind1="0" ind2=" ">
    <subfield code="a">Roberto Fern&#xE1;ndez / M&#xE1;s all&#xE1; de Klimt. p. 125</subfield>
  </datafield>
  <datafield tag="505" ind1="0" ind2=" ">
    <subfield code="a">Horacio Caride BARTRINS, David Dal Castello, Rita Molinos, Mario Sabugo / Saint - Simon y la Pir&#xE1;mide. p. 126</subfield>
  </datafield>
  <datafield tag="505" ind1="0" ind2=" ">
    <subfield code="a">Ana Luiza Nobre / Oscar Niemeyer (1907 - 2012) / Como si fuese f&#xE1;cil. p. 128</subfield>
  </datafield>
  <datafield tag="650" ind1=" " ind2=" ">
    <subfield code="a">Arquitectura contempor&#xE1;nea</subfield>
  </datafield>
  <datafield tag="773" ind1="0" ind2=" ">
    <subfield code="a">Summa+</subfield>
    <subfield code="d">Buenos Aires, Argentina</subfield>
    <subfield code="g">N&#xBA;127 (dic-2012), p. 128</subfield>
    <subfield code="x">0327-9022</subfield>
  </datafield>
  <datafield tag="908" ind1=" " ind2=" ">
    <subfield code="a">Imp</subfield>
  </datafield>
  <datafield tag="942" ind1=" " ind2=" ">
    <subfield code="2">udc</subfield>
    <subfield code="c">ART</subfield>
  </datafield>
  <datafield tag="945" ind1=" " ind2=" ">
    <subfield code="a">MBP</subfield>
    <subfield code="d">2022-07-08</subfield>
  </datafield>
  <datafield tag="980" ind1=" " ind2=" ">
    <subfield code="8">138</subfield>
    <subfield code="g">Carolina Rainero</subfield>
    <subfield code="6">138</subfield>
    <subfield code="a">Carolina Rainero</subfield>
  </datafield>
  <datafield tag="999" ind1=" " ind2=" ">
    <subfield code="c">12268</subfield>
    <subfield code="d">12268</subfield>
  </datafield>
  <datafield tag="952" ind1=" " ind2=" ">
    <subfield code="0">0</subfield>
    <subfield code="1">0</subfield>
    <subfield code="2">udc</subfield>
    <subfield code="4">0</subfield>
    <subfield code="7">0</subfield>
    <subfield code="a">AR-RoUNA</subfield>
    <subfield code="b">AR-RoUNA</subfield>
    <subfield code="c">Heme</subfield>
    <subfield code="d">2025-11-27</subfield>
    <subfield code="e">Sub</subfield>
    <subfield code="l">0</subfield>
    <subfield code="p">1002862</subfield>
    <subfield code="r">2025-11-27</subfield>
    <subfield code="t">ej. 1</subfield>
    <subfield code="w">2025-11-27</subfield>
    <subfield code="y">ART</subfield>
    <subfield code="k">K6</subfield>
    <subfield code="x"></subfield>
  </datafield>
</record>
